Qua niên lịch

Đã lưu trong:
Bibliografiske detaljer
Hovedforfatter: BÙI BIÊN HÒA
Format: Bog
Sprog:Undetermined
Udgivet: VHDT 2001
Tags: Tilføj Tag
Ingen Tags, Vær først til at tagge denne postø!
Thư viện lưu trữ: Trung tâm Học liệu Trường Đại học Cần Thơ
LEADER 00376nam a2200145Ia 4500
001 CTU_49931
008 210402s9999 xx 000 0 und d
082 |a 529.3243 
082 |b H401 
100 |a BÙI BIÊN HÒA 
245 0 |a Qua niên lịch 
245 0 |c BÙI BIÊN HÒA 
260 |b VHDT 
260 |c 2001 
980 |a Trung tâm Học liệu Trường Đại học Cần Thơ